000 00627nam a2200229Ia 4500
003 OSt
005 20220918205545.0
006 a|||||r|||| 00| 0
007 ta
008 220917b |||||||| |||| 00| 0 eng d
024 _a117,000
037 _cTextual
040 _aARTS
_cARTS
_beng
041 _2eng
_aeng
082 _aV641:1:N5, K4
100 _aLemarchand Rene
_9114383
245 0 _aPolitical awakening in the Belgian Congo
260 _aBerkeley
_bUniversity of California Press
_c1964
650 _aHISTORY
942 _hV641:1:N5, K4
_cTEXL
_2CC
999 _c240307
_d240307